[Event "Canadian op"]
[Site "Quebec"]
[Date "1981.07.16"]
[Round "7"]
[White "Normandeau, Gerard"]
[Black "Brodie, Hugh"]
[Result "1/2-1/2"]
[WhiteElo "1668"]
[BlackElo "1906"]
[PlyCount "78"]
[EventDate "1981.07.11"]
[EventType "tourn"]
[EventRounds "10"]
[EventCountry "CAN"]
[SourceTitle "EXT 2022"]
[Source "ChessBase"]
[SourceDate "2021.10.06"]
[SourceVersion "1"]
[SourceVersionDate "2021.10.06"]
[SourceQuality "1"]

1. Nf3 b6 2. g3 Bb7 3. Bg2 e6 4. c4 f5 5. d3 Nf6 6. 0-0 Be7 7. Nc3 0-0 8. Ne1 Bxg2 9. Nxg2 d5 10. cxd5 exd5 11. Qb3 c6 12. e4 fxe4 13. dxe4 Nbd7 14. Be3 Ne5 15. exd5 cxd5 16. Rad1 Qc8 17. Nxd5 Nf3+ 18. Kh1 Nxd5 19. Nf4 Kh8 20. Qxd5 Ng5 21. Qd7 Bf6 22. Qxc8 Rfxc8 23. Nd5 Rc2 24. Nxf6 gxf6 25. Kg2 Kg7 26. Rd7+ Kg6 27. Rfd1 Rxb2 28. h4 Ne4 29. g4 h5 30. Kf3 Nc5 31. gxh5+ Kxh5 32. Bxc5 bxc5 33. R7d5+ Kh6 34. Rxc5 Rxa2 35. Rd6 Rf8 36. Rc7 a5 37. Ra7 Ra4 38. Rda6 Rxh4 39. Rxa5 Rb8 1/2-1/2